000 00414nam a2200169Ia 4500
005 20250508153114.0
008 008 250505s9999 xx 000 0 eng d
037 _aTextual
040 _aFEDL
_beng
_cFEDL
041 _aeng
_2eng
084 _a920, LOK
_qFEDL
245 0 _aLok sabha who's who 1962
260 _c1962
300 _a614p.
942 _cTEXL
_h920, LOK
999 _c1340711
_d1340711